Państwa z największą liczbą jezior - Statystyki

Ogólne statystyki
  • Ten quiz został rozwiązany 57 razy
  • Średni wynik to 8 z 10
Statystyki odpowiedzi
Odpowiedź Liczba Jezior % Poprawnych
Kanada 879,800
100%
Rosja 201,200
100%
Stany Zjednoczone 102,500
98%
Chiny 23,800
95%
Brazylia 20,900
89%
Szwecja 22,600
80%
Argentyna 13,600
76%
Australia 11,400
73%
Norwegia 20,000
69%
Kazachstan 12,400
62%
Nie znaleziono quizów pasujących do podanych kryteriów
Rozkład punktacji
Procent ludzi z każdym wynikiem
Percentyl według liczby udzielonych odpowiedzi
Twoja historia wyników
Nie rozwiązałeś tego quizu